[Event "Tournoi Skype 031A"]
[Site "Skype"]
[Date "????.??.??"]
[Round "2.29"]
[White "Sequeda Pimiento, Javier Ricardo"]
[Black "Ramirez Reina, Orlando"]
[Result "1-0"]
[WhiteElo "1395"]
[BlackElo "1302"]
[PlyCount "95"]

1. e4 c5 2. Nf3 Nc6 3. d4 cxd4 4. Nxd4 e5 5. Nf3 Nf6 6. Nc3 Bb4 7. Bg5 h6 8.
Bxf6 Qxf6 9. Bc4 O-O 10. O-O Ne7 11. h3 Rd8 12. Qd3 d6 13. Rad1 Bxc3 14. Qxc3
Be6 15. Rd2 Qg6 16. Bxe6 Qxe6 17. a3 d5 18. Rfd1 d4 19. Qb4 Rab8 20. c4 Nc6 21.
Qb3 Na5 22. Qa2 Nxc4 23. Rc2 Rdc8 24. Rdc1 Nd6 25. Qxe6 fxe6 26. Nxe5 Rxc2 27.
Rxc2 Nxe4 28. f3 Nf6 29. Rd2 Rd8 30. Nd3 b6 31. Nb4 Rd7 32. Kf2 Kf7 33. Nc6 g5
34. Ne5+ Ke7 35. Nxd7 Kxd7 36. Rxd4+ Kc6 37. Ke3 e5 38. Rc4+ Kd6 39. Rc8 Nd5+
40. Ke4 Kd7 41. Ra8 Kc6 42. Rxa7 Kd6 43. Ra8 h5 44. Rd8+ Ke6 45. Rxd5 g4 46.
Rxe5+ Kf6 47. hxg4 hxg4 48. fxg4 1-0

[Event "Tournoi Skype 031A"]
[Site "Skype"]
[Date "????.??.??"]
[Round "2.30"]
[White "Gharbi, Said"]
[Black "Escudero Ocana, Francisco"]
[Result "1/2-1/2"]
[WhiteElo "1252"]
[BlackElo "1393"]
[PlyCount "80"]

1. e4 e5 2. Bc4 Nf6 3. Nf3 Nc6 4. Ng5 d5 5. exd5 Nxd5 6. d3 Be7 7. Nxf7 Kxf7 8.
Qf3+ Ke8 9. Bxd5 Rf8 10. Qe4 Bf5 11. Bxc6+ bxc6 12. Qxe5 g6 13. O-O Qd6 14. Re1
Qxe5 15. Rxe5 Rd8 16. Bg5 Rd7 17. Nc3 Kd8 18. Bxe7+ Rxe7 19. Rxe7 Kxe7 20. Re1+
Kd7 21. Na4 Kd6 22. Re3 Be6 23. d4 Bxa2 24. Nc5 Bd5 25. Ra3 Rf4 26. c3 Rf7 27.
Rxa7 Re7 28. f3 Re2 29. Rb7 g5 30. h3 h5 31. Ne4+ Bxe4 32. fxe4 Rxe4 33. Rb8
Re2 34. Kf1 Rc2 35. Rb4 Kd5 36. Rb7 Kd6 37. Rb8 Kd5 38. Rb7 Kd6 39. Kg1 Rd2 40.
Kh2 h4 1/2-1/2

[Event "Tournoi Skype 031A"]
[Site "Skype"]
[Date "????.??.??"]
[Round "2.31"]
[White "Perrone, Gabriel Lorenzo"]
[Black "Pasasin, Alejandro"]
[Result "0-1"]
[WhiteElo "1382"]
[BlackElo "1298"]
[PlyCount "56"]

1. d4 d5 2. c4 e6 3. Nf3 Nf6 4. Bg5 Be7 5. Nc3 c6 6. e3 O-O 7. cxd5 cxd5 8. Be2
Nbd7 9. O-O h6 10. Bf4 Ne4 11. Nb5 a6 12. Nc3 f5 13. Rc1 Ndf6 14. Ne5 Qe8 15.
f3 Nxc3 16. Rxc3 Nh5 17. Nd3 Bd7 18. e4 Nxf4 19. Nxf4 g5 20. Nd3 f4 21. exd5
exd5 22. Ne5 Bd6 23. Qb3 Bc6 24. Nxc6 bxc6 25. a4 Qxe2 26. Rxc6 Qe6 27. Qb4
Qe3+ 28. Rf2 Bxb4 0-1

[Event "Tournoi Skype 031A"]
[Site "Skype"]
[Date "????.??.??"]
[Round "2.32"]
[White "L'Herbon De Lussats, Jean"]
[Black "Galani, Mahendra"]
[Result "0-1"]
[WhiteElo "1233"]
[BlackElo "1375"]
[PlyCount "66"]

1. c4 e5 2. Nc3 Bb4 3. Qc2 c6 4. a3 Qa5 5. e3 Ne7 6. Nge2 d6 7. d4 Nd7 8. g3 d5
9. c5 e4 10. Bg2 Nf6 11. O-O Bxc3 12. Qxc3 Qb5 13. Re1 Bg4 14. Bf1 Qa6 15. Nf4
b5 16. cxb6 Qxb6 17. b4 O-O 18. a4 a6 19. Ba3 Rfe8 20. Reb1 Qa7 21. b5 cxb5 22.
axb5 axb5 23. Bxb5 Rec8 24. Bc5 Qc7 25. Ba4 Nd7 26. Rb5 Nxc5 27. Rxc5 Qb7 28.
Qc2 Qb4 29. Ra2 Qe1+ 30. Kg2 Bf3+ 31. Kh3 Qf1+ 32. Kh4 h6 33. Nh3 Ng6# 0-1

[Event "Tournoi Skype 031A"]
[Site "Skype"]
[Date "????.??.??"]
[Round "2.33"]
[White "Carballo, Jorge"]
[Black "Sauvaget, Joel"]
[Result "1-0"]
[WhiteElo "1367"]
[BlackElo "1255"]
[PlyCount "25"]

1. d4 d5 2. Nf3 Nf6 3. Bf4 c6 4. e3 e6 5. Bd3 Be7 6. Nbd2 Nbd7 7. Qe2 O-O 8.
O-O-O b5 9. Ng5 h6 10. h4 Kh8 11. Ndf3 a5 12. Ne5 a4 13. Nexf7+ 1-0

[Event "Tournoi Skype 031A"]
[Site "Skype"]
[Date "????.??.??"]
[Round "2.34"]
[White "Trivedi, Viral"]
[Black "Munoz Gonzalez, Martin"]
[Result "1/2-1/2"]
[WhiteElo "1202"]
[BlackElo "1365"]
[PlyCount "45"]

1. d4 d5 2. Bf4 e6 3. e3 Nf6 4. c3 Bd6 5. Bg3 Ne4 6. Bd3 f5 7. Ne2 Qe7 8. Bxd6
Qxd6 9. Nf4 Bd7 10. Qh5+ Kd8 11. Qh4+ Qe7 12. Qxe7+ Kxe7 13. Nd2 Nxd2 14. Kxd2
Be8 15. c4 g5 16. Ne2 Bg6 17. cxd5 exd5 18. Rac1 c6 19. h3 Nd7 20. g4 Rhf8 21.
gxf5 Bxf5 22. f4 Bxd3 23. Kxd3 1/2-1/2

[Event "Tournoi Skype 031A"]
[Site "Skype"]
[Date "????.??.??"]
[Round "2.36"]
[White "Pouteau, Pascal"]
[Black "De Fazio, Monica"]
[Result "0-1"]
[WhiteElo "1349"]
[BlackElo "1020"]
[PlyCount "46"]

1. d4 Nf6 2. c4 e6 3. Nc3 Bb4 4. Bd2 O-O 5. Nf3 b6 6. a3 Bxc3 7. Bxc3 Bb7 8. e3
d5 9. Qc2 c5 10. dxc5 bxc5 11. Be2 Ne4 12. Be5 Qa5+ 13. Bc3 Nxc3 14. Qxc3 Qxc3+
15. bxc3 Nd7 16. O-O dxc4 17. Rfd1 Bxf3 18. Bxf3 Rad8 19. Rab1 Ne5 20. Be2 Nd3
21. Rd2 Nc1 22. Rxc1 Rxd2 23. Bxc4 Rfd8 0-1

[Event "Tournoi Skype 031A"]
[Site "Skype"]
[Date "????.??.??"]
[Round "2.37"]
[White "Bendre, Pankaj"]
[Black "Abdulrazzaq, Mohsen"]
[Result "1-0"]
[WhiteElo "1182"]
[BlackElo "1346"]
[PlyCount "141"]

1. d4 Nf6 2. b3 g6 3. Bb2 Bg7 4. c4 d6 5. Nf3 Nc6 6. Nbd2 Bf5 7. d5 Nb8 8. e3
O-O 9. Be2 Nbd7 10. h3 Nc5 11. O-O a5 12. Nd4 Bd3 13. Bxd3 Nxd3 14. Bc3 Re8 15.
N2f3 Ne5 16. Rc1 c5 17. Nc2 Ned7 18. Qd3 e6 19. e4 exd5 20. exd5 Qc7 21. Ne3
Re7 22. Rfe1 Rae8 23. Red1 h6 24. Nf1 Nh5 25. Ne3 Nf4 26. Qd2 Ne5 27. Nxe5 dxe5
28. d6 Qc6 29. dxe7 Rxe7 30. Bxa5 e4 31. Qd6 Qxd6 32. Rxd6 Ne2+ 33. Kf1 Nxc1
34. Rd8+ Kh7 35. Nd5 Re6 36. Nc7 Rc6 37. Rd7 Nxa2 38. Rxf7 Rf6 39. Re7 Rf4 40.
Ne8 e3 41. f3 Kg8 42. Rxe3 Nc1 43. Nd6 Rd4 44. Nxb7 Rd1+ 45. Re1 Rxe1+ 46. Kxe1
Nxb3 47. Bb6 Bd4 48. Kd1 Be3 49. Kc2 Nd2 50. Kd3 Bf4 51. Bxc5 Kf7 52. Bb6 Ke8
53. c5 Kd7 54. Na5 Nf1 55. Ke4 Ne3 56. Kxf4 Nd5+ 57. Ke5 Nxb6 58. cxb6 Kc8 59.
Kd6 g5 60. Kc6 h5 61. Kb5 g4 62. hxg4 hxg4 63. f4 g3 64. Ka6 Kb8 65. f5 Kc8 66.
Ka7 Kd8 67. b7 Kd7 68. b8=Q Ke7 69. Qe5+ Kf7 70. Qe6+ Kf8 71. Nc6 1-0

[Event "Tournoi Skype 031A"]
[Site "Skype"]
[Date "????.??.??"]
[Round "3.1"]
[White "Gonto, Peled"]
[Black "Lopez, Jose Luis"]
[Result "0-1"]
[WhiteElo "1834"]
[BlackElo "1651"]
[PlyCount "78"]

1. d4 Nf6 2. c4 e6 3. Nc3 Bb4 4. Bg5 c5 5. e3 Qa5 6. Bxf6 Bxc3+ 7. bxc3 Qxc3+
8. Ke2 gxf6 9. Rc1 Qa5 10. Qd2 Qc7 11. Nf3 b6 12. g3 Bb7 13. Bg2 d6 14. Rhd1
Nd7 15. Kf1 O-O-O 16. a4 Kb8 17. a5 e5 18. d5 f5 19. Ra1 Ba6 20. Qc3 b5 21.
cxb5 Bxb5+ 22. Kg1 a6 23. Nd2 Rhg8 24. Bf1 Ka7 25. Bxb5 axb5 26. Rdb1 b4 27.
Qd3 e4 28. Qc2 Rb8 29. Nc4 h5 30. Qa4 h4 31. Nb6 Ne5 32. Ra2 f6 33. Rc2 Qh7 34.
Nc4 Nf3+ 35. Kf1 hxg3 36. fxg3 Rxg3 37. hxg3 Qh1+ 38. Ke2 Qg2+ 39. Kd1 Qf1# 0-1

[Event "Tournoi Skype 031A"]
[Site "Skype"]
[Date "????.??.??"]
[Round "3.2"]
[White "Calderon, Francisco"]
[Black "Vasquez, Georges"]
[Result "0-1"]
[WhiteElo "1604"]
[BlackElo "1796"]
[PlyCount "96"]

1. e4 c6 2. Nf3 d5 3. exd5 cxd5 4. d4 Bg4 5. h3 Bxf3 6. Qxf3 e6 7. Bd3 Nf6 8.
O-O Be7 9. c3 Nc6 10. Re1 O-O 11. Bc2 Rc8 12. Nd2 Nxd4 13. Bxh7+ Nxh7 14. cxd4
Nf6 15. Qd3 Qc7 16. Nf3 Qc2 17. Qe3 Ne4 18. Re2 Qd1+ 19. Ne1 Bg5 20. Qd3 Qxd3
21. Nxd3 Bf6 22. Be3 Rc7 23. f3 Ng3 24. Ree1 Rc2 25. Kh2 Nf5 26. Ne5 Rfc8 27.
Ng4 Bxd4 28. Bxd4 Nxd4 29. Reb1 Nxf3+ 30. Kg3 Nd2 31. Re1 Ne4+ 32. Kh2 Rxb2 33.
Rf1 Rcc2 34. Rg1 Rxa2 35. Raf1 b5 36. Ne5 f6 37. Nd3 a5 38. Nf4 Kf7 39. h4 b4
40. Rf3 a4 41. h5 Rf2 42. Rf1 Rxf1 43. Rxf1 b3 44. Rb1 Nd2 45. Rc1 Rc2 46. Ra1
Rc4 47. g3 b2 48. Rb1 Nxb1 0-1

[Event "Tournoi Skype 031A"]
[Site "Skype"]
[Date "????.??.??"]
[Round "3.3"]
[White "Deville, Olivier"]
[Black "Gungor, Gokhan"]
[Result "0-1"]
[WhiteElo "1751"]
[BlackElo "1550"]
[PlyCount "74"]

1. Nf3 d5 2. e3 Nf6 3. c4 c6 4. Nc3 Bg4 5. cxd5 cxd5 6. Qb3 Bxf3 7. Qxb7 Nbd7
8. gxf3 e6 9. Nb5 Rc8 10. Qxa7 Bc5 11. Qa4 O-O 12. d4 Be7 13. Bd3 Nb6 14. Qd1
Nc4 15. O-O Qb6 16. a4 Qa5 17. b3 Nd6 18. Nxd6 Bxd6 19. Bd2 Bb4 20. Bxb4 Qxb4
21. Rb1 Rc3 22. Qd2 Rfc8 23. Bc2 Qd6 24. Rfc1 Qc7 25. Rb2 g6 26. b4 Nd7 27. b5
e5 28. dxe5 Nxe5 29. Qxd5 Nd3 30. Bxd3 Rxc1+ 31. Kg2 Rd8 32. b6 Rg1+ 33. Kxg1
Qc1+ 34. Kg2 Rxd5 35. Rc2 Rg5+ 36. Kh3 Qg1 37. Rc4 Qg2+ 0-1

[Event "Tournoi Skype 031A"]
[Site "Skype"]
[Date "????.??.??"]
[Round "3.4"]
[White "Rico Hernandez, Edgar"]
[Black "Lovell, Stan"]
[Result "1-0"]
[WhiteElo "1701"]
[BlackElo "1518"]
[PlyCount "69"]

1. d4 Nf6 2. c4 g6 3. Nc3 d5 4. cxd5 Nxd5 5. e4 Nxc3 6. bxc3 Bg7 7. Bc4 c5 8.
Ne2 Nc6 9. Be3 cxd4 10. cxd4 O-O 11. O-O b6 12. Rc1 Bb7 13. f3 Rc8 14. Qd2 Re8
15. Rfd1 a6 16. a4 Na5 17. Ba2 Qd7 18. d5 Qxa4 19. Bxb6 Nb3 20. Bxb3 Qxb3 21.
Rb1 Qc2 22. Be3 Qxd2 23. Rxd2 Rc7 24. Bf4 Rd7 25. Ra2 Ra8 26. Ra4 Bc8 27. Rab4
a5 28. Rb8 Rda7 29. Rc1 Rxb8 30. Bxb8 Ra8 31. Rxc8+ Bf8 32. Nd4 a4 33. Nc6 a3
34. Nxe7+ Kg7 35. Be5+ 1-0

[Event "Tournoi Skype 031A"]
[Site "Skype"]
[Date "????.??.??"]
[Round "3.5"]
[White "Saponara, Jose Maria"]
[Black "Calcino, Luis"]
[Result "0-1"]
[WhiteElo "1516"]
[BlackElo "1680"]
[PlyCount "120"]

1. d4 g6 2. e4 Bg7 3. Be3 d6 4. Bd3 c5 5. Ne2 Qc7 6. c3 Nf6 7. f3 a6 8. a4 Nbd7
9. Nd2 b6 10. g4 Bb7 11. Rb1 O-O 12. h4 e5 13. d5 Rfb8 14. h5 b5 15. axb5 axb5
16. Bxb5 Ba6 17. Bxa6 Rxa6 18. hxg6 fxg6 19. Kf2 Nb6 20. Rh3 Qf7 21. Qh1 Nxg4+
22. Kg3 Nxe3 23. Rxh7 Rf8 24. Rg1 Nbc4 25. Nxc4 Nxc4 26. Rh3 Nd2 27. Kh2 Nxf3+
28. Rxf3 Qxf3 29. Qg2 Qh5+ 30. Kg3 Qg5+ 31. Kh2 Qh4+ 32. Qh3 Qxh3+ 33. Kxh3 Rf2
34. Ng3 Rxb2 35. Kg4 Rb3 36. Kg5 Ra7 37. Kxg6 Rf7 38. Nh5 Kf8 39. Rg3 Rbb7 40.
c4 Rf4 41. Ra3 Rxe4 42. Ra8+ Ke7 43. Nxg7 Rg4+ 44. Kh6 Kf7 45. Nf5 Rg6+ 46. Kh5
Rf6 47. Kg5 Rg6+ 48. Kh5 e4 49. Rd8 Rf6 50. Kg5 Rxf5+ 51. Kxf5 e3 52. Rxd6 Re7
53. Rg6 e2 54. Rf6+ Ke8 55. d6 Re3 56. Re6+ Rxe6 57. Kxe6 e1=Q+ 58. Kd5 Kd7 59.
Kxc5 Qe5+ 60. Kb4 Kxd6 0-1

[Event "Tournoi Skype 031A"]
[Site "Skype"]
[Date "????.??.??"]
[Round "3.6"]
[White "Bagayatkar, Madan"]
[Black "Elias, Roberto"]
[Result "1/2-1/2"]
[WhiteElo "1434"]
[BlackElo "1671"]
[PlyCount "122"]

1. e4 e5 2. Nf3 Nf6 3. d3 Nc6 4. Be2 d5 5. exd5 Qxd5 6. Nc3 Bb4 7. Bd2 Qd6 8.
Ne4 Nxe4 9. Bxb4 Qxb4+ 10. c3 Nxc3 11. bxc3 Qxc3+ 12. Nd2 O-O 13. O-O Nd4 14.
Rc1 Qa5 15. Nb3 Qb6 16. Nxd4 exd4 17. Bf3 c6 18. g3 Be6 19. Rb1 Qc7 20. a4 Rad8
21. Re1 b6 22. Qd2 c5 23. a5 Bd5 24. axb6 axb6 25. Be4 g6 26. Qg5 Bxe4 27. Rxe4
f6 28. Qd2 Rfe8 29. Qa2+ Kg7 30. Re6 Rxe6 31. Qxe6 Rd6 32. Qe8 Qc6 33. Qe7+ Kh6
34. Qf8+ Kg5 35. f4+ Kh5 36. Rb2 Re6 37. h3 f5 38. Rg2 Re1+ 39. Kh2 Qe6 40. g4+
fxg4 41. hxg4+ Qxg4 42. Rxg4 Kxg4 43. Qh6 Re2+ 44. Kg1 Kg3 45. Qg5+ Kf3 46. f5
gxf5 47. Qxf5+ Ke3 48. Qxh7 Re1+ 49. Kg2 Kd2 50. Qg6 Re2+ 51. Kf3 Re3+ 52. Kf4
Rxd3 53. Qxb6 c4 54. Ke4 c3 55. Qb4 Kc2 56. Qa4+ Kd2 57. Qc4 Re3+ 58. Kxd4 c2
59. Qa2 Rd3+ 60. Kc4 Rc3+ 61. Kb4 Kd1 1/2-1/2

[Event "Tournoi Skype 031A"]
[Site "Skype"]
[Date "????.??.??"]
[Round "3.7"]
[White "Lambert, Pierre"]
[Black "Gokcek, Cagri"]
[Result "0-1"]
[WhiteElo "1660"]
[BlackElo "1434"]
[PlyCount "84"]

1. e4 e5 2. Nf3 Nc6 3. d4 exd4 4. Nxd4 Nf6 5. Nc3 Bb4 6. f3 h6 7. Nxc6 bxc6 8.
Qd4 Bxc3+ 9. Qxc3 O-O 10. Bd3 Re8 11. O-O Bb7 12. b3 d6 13. Bb2 Qd7 14. Rad1 a5
15. a4 Ba6 16. Bxa6 Rxa6 17. Qd2 Qe6 18. Bc3 Rea8 19. Bxf6 Qxf6 20. Qd4 Qg5 21.
f4 Qh5 22. Rf3 Rb8 23. Rg3 g5 24. fxg5 Rb4 25. gxh6+ Kf8 26. Qg7+ Ke7 27. Qg5+
Qxg5 28. Rxg5 Rxe4 29. g3 Ra8 30. Kf2 Kf6 31. h4 Rh8 32. Re1 Rd4 33. Rxa5 Rxh6
34. Ra7 Kg7 35. Rxc7 Rf6+ 36. Kg2 Rd2+ 37. Kh3 Rxc2 38. Ra1 Kg6 39. a5 Rff2 40.
Rh1 f5 41. a6 f4 42. g4 Rc3# 0-1

[Event "Tournoi Skype 031A"]
[Site "Skype"]
[Date "????.??.??"]
[Round "3.8"]
[White "Yeter, Orhan"]
[Black "Grosso, Raul"]
[Result "0-1"]
[WhiteElo "1297"]
[BlackElo "1746"]
[PlyCount "86"]

1. e4 c5 2. d4 cxd4 3. c3 Nf6 4. e5 Nd5 5. Nf3 Nc6 6. Bc4 Nb6 7. Bb3 d5 8. O-O
Bg4 9. cxd4 Bxf3 10. Qxf3 Nxd4 11. Qd3 Nxb3 12. Qxb3 e6 13. Nd2 Be7 14. Nf3 O-O
15. Be3 Nc4 16. Bd4 Qd7 17. Qd3 Rfc8 18. b3 Na5 19. Rac1 b6 20. Bb2 Rxc1 21.
Rxc1 Rc8 22. Rxc8+ Qxc8 23. Nd4 a6 24. Qc3 Qxc3 25. Bxc3 Bc5 26. Bxa5 Bxd4 27.
Bb4 Bxe5 28. h3 Bd4 29. Kf1 e5 30. f3 f5 31. Ke2 Kf7 32. Kd3 Ke6 33. Bc3 Bxc3
34. Kxc3 g5 35. a4 f4 36. Kd3 Kd6 37. b4 h6 38. Kc3 e4 39. fxe4 dxe4 40. Kd4 e3
41. Kd3 Kd5 42. Ke2 Kc4 43. Kf3 Kxb4 0-1

[Event "Tournoi Skype 031A"]
[Site "Skype"]
[Date "????.??.??"]
[Round "3.9"]
[White "Khabou, Taha"]
[Black "Garcia Andrinal, Antonio"]
[Result "1/2-1/2"]
[WhiteElo "1358"]
[BlackElo "1632"]
[PlyCount "89"]

1. d4 d5 2. Bf4 Nf6 3. e3 Nbd7 4. Nf3 e6 5. h3 b6 6. Bd3 Bb7 7. Nbd2 c5 8. c3
Rc8 9. a4 Be7 10. O-O a6 11. Qe2 c4 12. Bc2 O-O 13. e4 dxe4 14. Nxe4 Nxe4 15.
Bxe4 Bxe4 16. Qxe4 Nf6 17. Qe2 Nd5 18. Bg3 Bd6 19. Bxd6 Qxd6 20. Ne5 Qc7 21.
Rfe1 Ne7 22. Qe4 Ng6 23. Nxg6 hxg6 24. Qe5 Qd7 25. Red1 Qc6 26. d5 exd5 27.
Qxd5 Qf6 28. Qd6 Rc6 29. Qxf6 Rxf6 30. Rd7 Rc8 31. Rad1 Rcc6 32. Ra7 a5 33.
Rdd7 Rcd6 34. Kf1 Rfe6 35. Rxd6 Rxd6 36. Ke2 Re6+ 37. Kd2 Rc6 38. Rd7 Kf8 39.
Ke3 Ke8 40. Rd5 Ke7 41. Kd4 Ke6 42. Re5+ Kd7 43. Rd5+ Ke7 44. Ke5 Re6+ 45. Kd4
1/2-1/2

[Event "Tournoi Skype 031A"]
[Site "Skype"]
[Date "????.??.??"]
[Round "3.11"]
[White "Hadla, Mohammad Ali"]
[Black "Chavero, Victor"]
[Result "0-1"]
[WhiteElo "1470"]
[BlackElo "1281"]
[PlyCount "26"]

1. e4 d5 2. Nf3 dxe4 3. Ng5 Qd5 4. d3 Bf5 5. Nc3 Qa5 6. dxe4 Bg6 7. Bc4 h6 8.
Nf3 Bxe4 9. O-O Nf6 10. Bf4 c6 11. Re1 Bg6 12. Ne5 Bh5 13. Qd7+ Nbxd7 0-1

[Event "Tournoi Skype 031A"]
[Site "Skype"]
[Date "????.??.??"]
[Round "3.12"]
[White "Lago Carballo, Maria Del Carmen"]
[Black "Hahnewald, Uwe"]
[Result "0-1"]
[WhiteElo "1364"]
[BlackElo "1806"]
[PlyCount "90"]

1. e4 c5 2. c3 Nf6 3. Bd3 Nc6 4. Bc2 d5 5. exd5 Qxd5 6. Nf3 Bg4 7. O-O Bxf3 8.
Qxf3 Qxf3 9. gxf3 O-O-O 10. d3 Ne5 11. Kg2 Nxd3 12. Rd1 Nxc1 13. Rxd8+ Kxd8 14.
Na3 Ne2 15. Rd1+ Kc8 16. Nc4 Nf4+ 17. Kf1 e6 18. Ne5 Be7 19. Nxf7 Rf8 20. Ng5
h6 21. Nxe6 Nxe6 22. Bf5 Kc7 23. Bxe6 Bd6 24. h3 Nh5 25. Bd5 b6 26. Be4 Nf4 27.
h4 Be7 28. h5 Rd8 29. Rxd8 Kxd8 30. Bg6 Nxg6 31. hxg6 Bg5 32. Kg2 Ke7 33. Kg3
Kf6 34. f4 Bxf4+ 35. Kxf4 Kxg6 36. Kg4 Kf6 37. f4 c4 38. b3 b5 39. b4 g6 40. a3
a6 41. Kf3 Kf5 42. Kg3 g5 43. fxg5 hxg5 44. Kf3 g4+ 45. Kg3 Ke4 0-1

[Event "Tournoi Skype 031A"]
[Site "Skype"]
[Date "????.??.??"]
[Round "3.13"]
[White "Segura Lozano, Marcos Antonio"]
[Black "Gadow, Martin"]
[Result "1-0"]
[WhiteElo "1804"]
[BlackElo "1342"]
[PlyCount "37"]

1. e4 c5 2. Nf3 d6 3. Nc3 a6 4. d4 cxd4 5. Nxd4 e6 6. Bc4 Qc7 7. Bb3 Nf6 8. f3
Be7 9. Be3 b5 10. Qd2 Bb7 11. g4 Nbd7 12. g5 Ne5 13. gxf6 Nxf3+ 14. Nxf3 Bxf6
15. Bd4 Bxd4 16. Qxd4 e5 17. Qd3 Rc8 18. Nd5 Bxd5 19. Qxd5 1-0

[Event "Tournoi Skype 031A"]
[Site "Skype"]
[Date "????.??.??"]
[Round "3.14"]
[White "Galani, Mahendra"]
[Black "Caputi, Giuliano"]
[Result "0-1"]
[WhiteElo "1375"]
[BlackElo "1638"]
[PlyCount "106"]

1. e4 c6 2. Bc4 d5 3. exd5 cxd5 4. Bb5+ Nc6 5. c3 Nf6 6. d3 e6 7. Nf3 Bd7 8.
Nbd2 Be7 9. O-O O-O 10. Re1 a6 11. Ba4 b5 12. Bc2 Qc7 13. d4 Bd6 14. Nf1 h6 15.
Qd3 Ne4 16. Rxe4 dxe4 17. Qxe4 f5 18. Qd3 Rae8 19. Ng3 e5 20. Bb3+ Kh7 21. dxe5
Nxe5 22. Nxe5 Bxe5 23. Be3 g6 24. Bd4 Qd6 25. Rd1 Bc6 26. Qc2 Bxd4 27. cxd4 Bd5
28. Bxd5 Qxd5 29. Qc7+ Rf7 30. Qa5 Rfe7 31. Nf1 Qd6 32. Ne3 Rc7 33. a4 bxa4 34.
Qxa4 Rcc8 35. Qa1 h5 36. g3 f4 37. Ng2 g5 38. Qb1+ Kh6 39. gxf4 gxf4 40. Nh4
Rg8+ 41. Kf1 Qd5 42. f3 Qb5+ 43. Qd3 Qxd3+ 44. Rxd3 Kg5 45. Ng2 Rc1+ 46. Ke2
Rc2+ 47. Rd2 Rxd2+ 48. Kxd2 h4 49. h3 a5 50. Ne1 Kf5 51. Ke2 Re8+ 52. Kd2 Re3
53. Kd1 Ke6 0-1

[Event "Tournoi Skype 031A"]
[Site "Skype"]
[Date "????.??.??"]
[Round "3.15"]
[White "Thoune, Jim"]
[Black "Carballo, Jorge"]
[Result "0-1"]
[WhiteElo "1598"]
[BlackElo "1367"]
[PlyCount "92"]

1. d4 d5 2. c4 e6 3. Nc3 Nf6 4. e3 c5 5. cxd5 cxd4 6. exd4 exd5 7. Nf3 Bg4 8.
Bb5+ Nc6 9. O-O Be7 10. Re1 O-O 11. Bxc6 bxc6 12. Qd3 Bxf3 13. Qxf3 Re8 14. Bf4
Bd6 15. Rxe8+ Nxe8 16. Rc1 Bxf4 17. Qxf4 Qd6 18. Qd2 Nf6 19. h3 Re8 20. Qc2 Re6
21. a3 h6 22. b4 a6 23. Qd3 a5 24. Na2 axb4 25. Nxb4 Qf4 26. Qd1 Ne4 27. Rc2
Rf6 28. Qe1 Re6 29. Nd3 Qd6 30. Qc1 Qe7 31. Ne5 c5 32. Nf3 cxd4 33. Rc8+ Kh7
34. Nxd4 Rg6 35. Nf3 Ng5 36. Nxg5+ Qxg5 37. Qxg5 Rxg5 38. Rd8 Re5 39. Kf1 Kg6
40. Rd6+ Kf5 41. a4 Ke4 42. a5 d4 43. a6 Ra5 44. Rd7 Rxa6 45. Re7+ Kd3 46. Rxf7
Ra1# 0-1

[Event "Tournoi Skype 031A"]
[Site "Skype"]
[Date "????.??.??"]
[Round "3.16"]
[White "Sanchez Ruiz, Justo"]
[Black "Thavorath, Nirandas"]
[Result "0-1"]
[WhiteElo "1519"]
[BlackElo "1335"]
[PlyCount "48"]

1. e4 e5 2. Bc4 Nf6 3. d4 exd4 4. Nf3 Bb4+ 5. c3 dxc3 6. bxc3 Bc5 7. e5 Ne4 8.
Qd5 Bxf2+ 9. Kf1 Qe7 10. Qxe4 Bb6 11. Ng5 h6 12. Bxf7+ Kd8 13. Ba3 Qxg5 14. e6
dxe6 15. Ke2 Bd7 16. Rf1 Nc6 17. Nd2 Ne5 18. h4 Qg3 19. Bh5 Qxc3 20. Bb4 Bb5+
21. Ke1 Qxa1+ 22. Nb1 Nd3+ 23. Kd2 Qb2+ 24. Kd1 Ba4# 0-1

[Event "Tournoi Skype 031A"]
[Site "Skype"]
[Date "????.??.??"]
[Round "3.18"]
[White "Garcia De La Calva, Juan Ramon"]
[Black "Alvarez, Juan Evangelista"]
[Result "0-1"]
[WhiteElo "1337"]
[BlackElo "1474"]
[PlyCount "20"]

1. d4 Nf6 2. Nf3 d5 3. e3 Bf5 4. Ne5 Qd6 5. g4 Bg6 6. h4 h6 7. Nxg6 fxg6 8. Bd3
Ne4 9. f3 Qg3+ 10. Ke2 Qf2# 0-1

[Event "Tournoi Skype 031A"]
[Site "Skype"]
[Date "????.??.??"]
[Round "3.19"]
[White "Pasasin, Alejandro"]
[Black "Karia, Vijay"]
[Result "0-1"]
[WhiteElo "1298"]
[BlackElo "1447"]
[PlyCount "56"]

1. e4 d5 2. Nf3 c6 3. d3 dxe4 4. Ne5 Bf5 5. Nc3 exd3 6. Nxd3 Nf6 7. Be2 e6 8.
O-O Qc7 9. h3 Be7 10. Bf4 Bd6 11. Bxd6 Qxd6 12. Bf3 Nbd7 13. Re1 O-O 14. Qe2
Qc7 15. Rad1 Rad8 16. Ne4 h6 17. Nxf6+ Nxf6 18. Ne5 Qa5 19. a3 Rfe8 20. Ng4 Nd5
21. Bxd5 exd5 22. Ne3 d4 23. Nc4 Qc5 24. b3 Rxe2 25. Rxe2 b5 26. g4 bxc4 27.
gxf5 cxb3 28. cxb3 Qc3 0-1

[Event "Tournoi Skype 031A"]
[Site "Skype"]
[Date "????.??.??"]
[Round "3.20"]
[White "Engstrom, Olle"]
[Black "Ram, Madhukesh"]
[Result "1/2-1/2"]
[WhiteElo "1430"]
[BlackElo "1299"]
[PlyCount "100"]

1. e4 c5 2. Nf3 d6 3. d4 cxd4 4. Nxd4 Nf6 5. Nc3 Nc6 6. Be2 g6 7. Be3 Bg7 8.
Qd2 O-O 9. O-O-O a6 10. Nxc6 bxc6 11. e5 Ng4 12. Bxg4 Bxg4 13. f3 Be6 14. exd6
exd6 15. Bh6 d5 16. Bxg7 Kxg7 17. Qd4+ Qf6 18. Qxf6+ Kxf6 19. Rhe1 Rab8 20. Rd4
c5 21. Nxd5+ Kg7 22. Rdd1 Rfd8 23. Nc3 Kf8 24. Rxd8+ Rxd8 25. Rd1 Rc8 26. Nd5
h5 27. Nc3 Ke7 28. Nd5+ Kf8 29. c4 Re8 30. Nc7 Re7 31. Nxe6+ Rxe6 32. b3 Re2
33. Rd2 Re1+ 34. Kc2 Ra1 35. Kd3 Ke7 36. Re2+ Kf6 37. Kc3 Kf5 38. Kb2 Rd1 39.
Kc2 Ra1 40. Kb2 Rd1 41. Kc3 Ra1 42. Kd3 Kf6 43. Ke3 Kf5 44. Kf2 Kf6 45. Rd2 Ke6
46. Ke2 Rg1 47. Ke3 Ra1 48. Re2 Kf6 49. Rd2 Ke7 50. Kf2 Ke6 1/2-1/2

[Event "Tournoi Skype 031A"]
[Site "Skype"]
[Date "????.??.??"]
[Round "3.22"]
[White "Junqueira, Leonardo De Faria"]
[Black "Herrera, Oscar"]
[Result "0-1"]
[WhiteElo "1408"]
[BlackElo "1261"]
[PlyCount "140"]

1. e4 e5 2. d4 exd4 3. c3 Nc6 4. cxd4 d5 5. e5 Bb4+ 6. Bd2 Bxd2+ 7. Qxd2 Nge7
8. Nf3 h6 9. Bb5 Bd7 10. O-O a6 11. Bxc6 Nxc6 12. Nc3 Be6 13. a3 Qe7 14. Na4
O-O 15. Rac1 Bg4 16. Ne1 Rac8 17. Nc5 Nd8 18. h3 Bh5 19. Ned3 c6 20. Rc3 Ne6
21. Nxe6 Qxe6 22. Nc5 Qe7 23. Rfc1 Rc7 24. Rg3 Bg6 25. Rcc3 Kh7 26. Qc1 Qh4 27.
Qe3 Re7 28. Qd2 Qh5 29. b4 Qf5 30. Kh2 Bh5 31. Rge3 Qf4+ 32. Kg1 Qf5 33. g4 Qg5
34. Red3 Qxd2 35. Rxd2 Bg6 36. Re2 Ra8 37. Ree3 Rae8 38. f4 Kg8 39. f5 Bh7 40.
Nd3 Kf8 41. Nf4 Kg8 42. Nd3 Kf8 43. Nc5 Kg8 44. Rc1 Kf8 45. Rce1 Kg8 46. Kf1
Kf8 47. e6 fxe6 48. Rxe6 Rxe6 49. fxe6 Ke7 50. Nxb7 Rf8+ 51. Kg1 Rf3 52. Nc5
Rxh3 53. a4 Rg3+ 54. Kf2 Rxg4 55. Rg1 Rf4+ 56. Ke3 g5 57. Rh1 Rf6 58. Rh2 Bf5
59. Nxa6 Rxe6+ 60. Kf3 Be4+ 61. Kg4 Rf6 62. Nc5 Rf4+ 63. Kh5 Bf3+ 64. Kxh6 Rxd4
65. Kxg5 Rxb4 66. a5 Kd6 67. Nb7+ Rxb7 68. Kf4 Be4 69. Ke3 Ra7 70. Rh6+ Kc5 0-1

[Event "Tournoi Skype 031A"]
[Site "Skype"]
[Date "????.??.??"]
[Round "3.23"]
[White "Alarcon Alarcon, Florentina"]
[Black "Kumbhar, Ashok"]
[Result "1-0"]
[WhiteElo "1397"]
[BlackElo "1100"]
[PlyCount "73"]

1. e4 e5 2. Nf3 Nc6 3. d4 exd4 4. Nxd4 Nf6 5. Nxc6 bxc6 6. Bd3 Bc5 7. O-O O-O
8. Nc3 d6 9. Na4 Bb6 10. Nxb6 cxb6 11. Bf4 Re8 12. f3 d5 13. exd5 Qxd5 14. Qc1
Qd4+ 15. Kh1 Nh5 16. Bd2 Qh4 17. Bg5 Ng3+ 18. Kg1 Ne2+ 19. Bxe2 Qd4+ 20. Kh1
Rxe2 21. c3 Qd6 22. Rd1 Qc7 23. Rd8+ Qxd8 24. Bxd8 Ba6 25. Bh4 Rae8 26. b3 f6
27. c4 g5 28. Bg3 h5 29. h4 g4 30. Qh6 gxf3 31. Qg6+ Kh8 32. Qxh5+ Kg8 33. Qxf3
R8e7 34. Qg4+ Kh7 35. Bd6 R7e6 36. Bf8 R2e5 37. Qg7# 1-0

[Event "Tournoi Skype 031A"]
[Site "Skype"]
[Date "????.??.??"]
[Round "3.24"]
[White "De Fazio, Monica"]
[Black "Sequeda Pimiento, Javier Ricardo"]
[Result "1-0"]
[WhiteElo "1020"]
[BlackElo "1395"]
[PlyCount "81"]

1. d4 Nf6 2. c4 g6 3. Nf3 Bg7 4. g3 d6 5. Bg2 Nbd7 6. Nc3 c6 7. e4 O-O 8. O-O
Re8 9. Bf4 Nh5 10. Bg5 h6 11. Bd2 e5 12. d5 Nb6 13. b3 Nf6 14. Be3 c5 15. Qd2
Ng4 16. h3 Nxe3 17. Qxe3 Bd7 18. a4 a5 19. Nb5 Bxb5 20. axb5 a4 21. Ne1 axb3
22. Rxa8 Qxa8 23. Qxb3 Qa4 24. Qxa4 Nxa4 25. Nd3 Nc3 26. Re1 Ra8 27. f4 exf4
28. gxf4 Bf8 29. e5 dxe5 30. fxe5 b6 31. e6 fxe6 32. Rxe6 Rb8 33. Rxg6+ Kf7 34.
Ne5+ Ke8 35. Re6+ Be7 36. d6 Ne2+ 37. Kh2 Nf4 38. Bc6+ Kf8 39. dxe7+ Kg7 40.
e8=Q Rxe8 41. Rxe8 1-0